| 000 | 03100nam a22003737a 4500 | ||
|---|---|---|---|
| 008 | 110914s2011 enk|||||r|||| 000 0 eng d | ||
| 020 | _a184873588X | ||
| 020 | _a9781848735880 | ||
| 082 |
_222 _a658.8 _bSCH |
||
| 100 |
_927190 _aSchaefer, Anja |
||
| 245 |
_aAn Introduction to Marketing. Book 4 / _cWritten by Anja Schaefer |
||
| 250 | _a3rd ed. | ||
| 260 |
_aMilton Keynes, MK : _bBusiness School, The Open University, 2011. _c2011. |
||
| 300 |
_a124 p. : _bill. ; _c30 cm. |
||
| 490 |
_927189 _aAn Introduction to Business Studies ; _nB120 _vBook 4 |
||
| 504 | _aIncludes bibliographical references p.78-80 | ||
| 650 |
_94499 _aMarketing |
||
| 653 |
_bBus _cSeptember2011 |
||
| 942 |
_2ddc _cBB |
||
| 999 |
_c16032 _d16032 |
||